[Event "Miskolc m"]
[Site "Miskolc"]
[Date "2009.06.06"]
[Round "5"]
[White "Leko, Peter"]
[Black "Anand, Viswanathan"]
[Result "0-1"]
[WhiteElo "2751"]
[BlackElo "2783"]
[Annotator "Meszaros/Berkes"]
[PlyCount "116"]
[EventDate "2009.06.03"]
[EventType "match (rapid)"]
[EventRounds "8"]
[EventCountry "HUN"]
[SourceTitle "CBM 130 Extra"]
[Source "ChessBase"]
[SourceDate "2009.07.02"]
[SourceVersion "2"]
[SourceVersionDate "2009.07.15"]
[SourceQuality "1"]
[WhiteTeam "Hungary"]
[BlackTeam "Indien"]
[WhiteTeamCountry "HUN"]
[BlackTeamCountry "IND"]

1. d4 Nf6 2. c4 g6 3. Nc3 d5 {It is not surprise for us: Anand keeps on
playing Grunfeld with Black.} 4. Nf3 Bg7 5. Qb3 dxc4 6. Qxc4 O-O 7. e4 a6 8.
Be2 b5 9. Qb3 c5 10. dxc5 Bb7 11. O-O Nxe4 {The main line of the "Hungarian
variarion". It looks like the World Champion is unsatisfied what happened in
the fourth game after} (11... Nbd7 12. e5 Nd5 13. Nxd5 Nxc5 14. Nxe7+ Qxe7 15.
Qa3 $14) 12. Nxe4 Bxe4 13. Bf4 (13. Bg5 {was played by Kasparov against Leko,
but Peter showed the right defensive plan and kept the balance.}) 13... Bd5 14.
Qe3 Bxb2 15. Rad1 e6 16. Ne5 Nd7 17. Nd3 Bg7 18. Nb4 Nf6 19. Bf3 $146 {
Reasonable continuations are still} (19. Bd6) ({or} 19. Be5) 19... Rc8 {
Anand does not hurry to escape from the pin with his queen, he is waiting for
Leko's committment.} 20. c6 Qa5 $1 {#} 21. Qc5 $2 {Too agressive, which can be
explained by the standing in the match and not by the objective quality of the
position! This move destroys the pawn structure on the kingside and the white
queen will feel uncomfortable after the next movies of Black. Better was} (21.
Nxd5 Nxd5 22. Rxd5 exd5 23. Bxd5 $44) (21. a3 {unclear}) 21... Bxf3 22. gxf3
Rfe8 23. Bd6 Bf8 24. Bxf8 Rxf8 25. Rd6 Qa3 $1 {The c6 passed pawn does not
mean serious danger for Black, therefore Anand starts a counterattack with his
queen.} 26. Rd3 Qb2 $1 27. Rb3 Qe2 {#} 28. Nxa6 $1 {The best chance to save
the game!} ({After} 28. Re3 Qc4 29. Qxc4 bxc4 30. Ra3 Nd5 $1 31. Nxd5 exd5 32.
Rxa6 Rfd8 {the connected passed pawns give good winning chances for Black.})
28... Qxa2 29. Ra3 Qb2 30. Qc3 $1 {At this moment Peter understood he has to
fight for draw, because his pieces are uncoordinated and Anand's knight on d5
can be very powerful. Peter's idea is to exchange all pieces and queenside
pawns except one pair of rooks. If Peter can do it the rook endgame only with
the pawns on the kingside is a famous drawish position.} Qxc3 31. Rxc3 Nd5 32.
Rc5 Ra8 33. c7 {#} Rfc8 ({For example} 33... Rxa6 $6 34. c8=Q Rxc8 35. Rxc8+
Kg7 36. Rb1 b4 37. Rb8 Ra3 38. Kg2 Kf6 39. R1xb4 Nxb4 40. Rxb4 h5 41. h3 {
and this is the dream position.}) 34. Rc6 Ra7 35. Rd6 Kg7 36. Rc1 b4 37. Rd8 (
37. Rb1 $6 Rxa6 38. Rxa6 Rxc7 39. Ra8 Rc4 40. Rb8 Kf6 $15 {this was Anand's
plan, as he told the audience after the game.}) 37... Raa8 38. Rxc8 Rxc8 39.
Rb1 Kf6 {#} 40. Rb3 $4 {Because of the time trouble (under one minute) Peter
starts an incredible series of mistakes.} (40. Nxb4 Nxc7 41. Rc1 Ke7 42. Na6
Kd7 43. Nxc7 Rxc7 44. Ra1 $11) 40... Ke7 41. Nxb4 Nxc7 $2 {A fatal mistake
without punishment.} (41... Rxc7 42. Nd3 (42. Nxd5+ $2 exd5 $19) 42... Kf6 $17)
42. Rc3 Kd6 {#} (42... Kd7 43. Rd3+ $1 Ke7 44. Rc3 $11) 43. Rd3+ $4 {Peter
told us after the game, he was waiting for Kd7, but Anand played Kd6 and in
his big time trouble he mixed up the two saving moves.} (43. Na6 $11) 43... Nd5
44. Kg2 Rc4 45. Nxd5 exd5 {The rest is simple.} 46. Ra3 d4 47. Ra8 Rc7 48. Kf1
Ke5 49. Rd8 f5 50. h4 Rc1+ 51. Kg2 Rc6 52. Re8+ Re6 53. Rd8 Rd6 54. f4+ Kd5 55.
Re8 Re6 56. Ra8 d3 57. Kf3 Kc4 58. Rc8+ Kb3 0-1

[Event "Miskolc m"]
[Site "Miskolc"]
[Date "2009.06.06"]
[Round "6"]
[White "Anand, Viswanathan"]
[Black "Leko, Peter"]
[Result "1/2-1/2"]
[WhiteElo "2783"]
[BlackElo "2751"]
[Annotator "Meszaros/Berkes"]
[PlyCount "105"]
[EventDate "2009.06.03"]
[EventType "match (rapid)"]
[EventRounds "8"]
[EventCountry "HUN"]
[SourceTitle "CBM 130 Extra"]
[Source "ChessBase"]
[SourceDate "2009.07.02"]
[SourceVersion "2"]
[SourceVersionDate "2009.07.15"]
[SourceQuality "1"]
[WhiteTeam "Indien"]
[BlackTeam "Hungary"]
[WhiteTeamCountry "IND"]
[BlackTeamCountry "HUN"]

1. d4 d5 2. c4 c6 3. Nf3 Nf6 4. Nc3 e6 5. e3 Nbd7 6. Qc2 {Anand follows a new
line.} Bd6 7. Bd3 O-O 8. O-O dxc4 9. Bxc4 a6 10. a4 c5 11. Rd1 {Anand fights
against his favourite weapon.} cxd4 12. exd4 Qc7 13. Qe2 Re8 14. Bg5 h6 15. Bh4
b6 {#} 16. Rac1 $146 (16. Bd3 Bb7 17. Rac1 Bxf3 18. Qxf3 Bxh2+ 19. Kh1 Qf4 20.
Qh3 g5 21. Qxh2 Qxh4 22. Qxh4 gxh4 23. Kh2 $11 {Jussupow-Sebag, Moscow 2008})
16... Bb7 17. Bg3 $5 {Typical plan in these structures. Black can not move
with his Ra8 from the corner and prepares the e5 square for his f3 knight.}
Bxg3 (17... Bxf3 $6 18. gxf3 Bxg3 19. hxg3 $14) 18. hxg3 Qd6 19. Ne5 Red8 20.
Ba2 Rac8 21. Nc4 $1 {Very good choice which suits for the result of the match.
Anand trying to win without any risk.} Qb4 22. Ne3 {#} Re8 (22... Nf8 23. d5
exd5 24. Bxd5 $1 Nxd5 25. Ncxd5 Qe4 26. Rxc8 Rxc8 27. Nxb6 $14) (22... Qa5 23.
d5 $1 exd5 24. Rd4 {unclear}) 23. d5 $1 {Anand can not improve the position of
his pieces, so here is the time to break the centre.} Nf8 $6 (23... exd5 24.
Ncxd5 Nxd5 25. Rxc8 Bxc8 (25... Rxc8 $2 26. Bxd5 $16) 26. Bxd5 Qxa4 27. b3 $1
Qb4 (27... Qb5 28. Qxb5 axb5 29. Bc6 Re7 30. Nf5 Re5 31. g4 $16) 28. Bc6 $36)
24. dxe6 Nxe6 25. Bd5 $1 {The World Champion exploits brilliantly the power of
d5 square.} Nxd5 26. Ncxd5 Qb3 27. Rxc8 Bxc8 28. Qc4 $1 Nc5 {#} (28... Qxb2 $2
29. Qc6 Kf8 30. Nxb6 $18) 29. Qxb3 {After the game both side was agree that
after} (29. a5 $1 Qxb2 30. axb6 {White wins.}) 29... Nxb3 30. Nxb6 Be6 31. Rd6
a5 32. Nbd5 Nc5 33. Nc7 Rb8 34. Nxe6 fxe6 $1 {Very clever decision what gives
good chances for draw.} 35. Nc4 Nxa4 36. Rxe6 Nxb2 37. Nxa5 Nd3 $1 38. f3 {#}
Kf7 {Peter told us after he had touched his king he saw the following variation
} (38... Rb1+ 39. Kh2 h5 $1 40. Re2 Rf1 $1 {with the idea Nf2 with an easy
draw.}) 39. Re2 h5 40. Nc4 {White has still serious advantage, but after
mutual inaccuracies in the time trouble the game ends draw.} Kf6 41. Nd6 Rb1+
42. Kh2 Nc5 43. Ne8+ Kf7 44. Re5 Nb7 45. Nc7 g6 46. Nd5 Rb5 47. Re7+ Kf8 48.
Rd7 Nc5 49. Rd8+ Kf7 50. Nf4 Ne6 51. Rd7+ Ke8 $1 52. Rh7 Nxf4 53. gxf4 1/2-1/2

[Event "Miskolc m"]
[Site "Miskolc"]
[Date "2009.06.07"]
[Round "7"]
[White "Anand, Viswanathan"]
[Black "Leko, Peter"]
[Result "1/2-1/2"]
[WhiteElo "2783"]
[BlackElo "2751"]
[Annotator "Meszaros/Berkes"]
[PlyCount "58"]
[EventDate "2009.06.03"]
[EventType "match (rapid)"]
[EventRounds "8"]
[EventCountry "HUN"]
[SourceTitle "CBM 130 Extra"]
[Source "ChessBase"]
[SourceDate "2009.07.02"]
[SourceVersion "2"]
[SourceVersionDate "2009.07.15"]
[SourceQuality "1"]

1. d4 d5 2. c4 c6 3. Nf3 Nf6 4. Nc3 e6 5. Bg5 h6 {Peter could have chose the
extremly sharp Botvinnik Variation with 5....dxc4, but it is not his style.} 6.
Bxf6 Qxf6 7. e3 Nd7 8. Bd3 dxc4 9. Bxc4 g6 {This is the newest tendency -
previously 9....Bd6 was the most accepted continuation.} 10. O-O Bg7 11. e4 e5
12. d5 Nb6 13. Bb3 Bg4 14. Rc1 h5 {Some weeks ago Karjakin tried} (14... O-O {
against Carlsen, but after} 15. h3 Bxf3 16. Qxf3 Qxf3 17. gxf3 Rfd8 18. Rfd1
Bf6 19. dxc6 bxc6 20. Rxd8+ Rxd8 21. Nd1 $1 Rd6 22. Rc5 Kf8 23. Kf1 h5 24. Ne3
Ke7 25. Ke2 Bg7 26. Nc2 Bh6 27. Ra5 $1 Rd7 28. Rxe5+ Kd6 29. Ra5 Bg7 30. f4 $1
Bxb2 31. e5+ Ke7 32. Nb4 $16 {he could not equalize the position and lost the
game.}) 15. h3 Bh6 16. Rc2 Bxf3 17. Qxf3 Qxf3 18. gxf3 Rc8 19. Rd1 Ke7 {
#The point of Leko's plan: instead of castling his king participates in the
fight.} 20. dxc6 Rxc6 21. Nd5+ Nxd5 22. Rxc6 bxc6 23. exd5 {#} Rd8 $1 {Fine
move: Peter sacrifices a pawn for exchanging the rooks.} ({After} 23... cxd5
24. Rxd5 f6 25. Ra5 $14 {Black has difficulties because of his weaknesses (a7
pawn, g6 pawn, e6 square).}) 24. dxc6 Rxd1+ 25. Bxd1 Kd6 26. Ba4 Bc1 27. b4 a6
28. b5 axb5 29. Bxb5 Ba3 {#White's extra pawn does not mean any advantage.
With this draw the World Champion has won the match.} 1/2-1/2

[Event "Miskolc m"]
[Site "Miskolc"]
[Date "2009.06.07"]
[Round "8"]
[White "Leko, Peter"]
[Black "Anand, Viswanathan"]
[Result "1/2-1/2"]
[WhiteElo "2751"]
[BlackElo "2783"]
[Annotator "Meszaros/Berkes"]
[PlyCount "85"]
[EventDate "2009.06.03"]
[EventType "match (rapid)"]
[EventRounds "8"]
[EventCountry "HUN"]
[SourceTitle "CBM 130 Extra"]
[Source "ChessBase"]
[SourceDate "2009.07.02"]
[SourceVersion "2"]
[SourceVersionDate "2009.07.15"]
[SourceQuality "1"]

1. e4 {Looks like Leko does not want to play against the Grunfeld defence
again.} c6 {A new guest in the match. The Caro-Kann defence is a prefered one
for both sides.} 2. d4 d5 3. e5 Bf5 4. Nf3 e6 5. Be2 c5 6. Be3 cxd4 7. Nxd4 Ne7
8. c4 Nbc6 9. Qa4 dxc4 10. Nc3 {Peter sacrifices a pawn for the initiative. He
has advantage of development and after some moves he will have pair of bishops.
The question is these pluses will be enough to force the win?} a6 11. O-O-O Qa5
12. Qxa5 Nxa5 13. Nxf5 Nxf5 14. Bb6 Nc6 15. f4 Rc8 16. Bf3 Be7 17. Rd2 g5 18.
g3 gxf4 19. gxf4 {#} Nh4 $1 {A very important novelty. Thought White has some
compensation for the pawn, for the advantage White has to find a new way.} (
19... Nb4 20. Kb1 Rg8 21. Rhd1 Nd3 22. Bxb7 Rb8 23. Bc6+ Kf8 24. Ba7 Rc8 25.
Be4 Nxf4 26. Na4 $1 $14 {Leko-Cheparinov, Elista 2008.12.}) (19... Rg8 20. Rhd1
Nh4 21. Bxc6+ $1 bxc6 (21... Rxc6 22. Rd8+ Bxd8 23. Rxd8+ Ke7 24. Rxg8 Rxb6 25.
Ne4 $16 {/\ Nf6}) 22. Ne4 $36) 20. Be4 Rg8 21. Kb1 (21. Rhd1 Rg4 22. Rd7 Rxf4
23. Rxb7 Nxe5 24. Bc7 $1 $44) 21... Rg4 22. Rf1 Ng6 23. f5 $1 Ngxe5 24. fxe6
fxe6 25. Bxh7 Nd7 26. Be3 {#} b5 (26... Rd8 $1 {was better. After} 27. Be4 (27.
Bc2 Nc5) 27... Nc5 28. Bxc6+ bxc6 29. Rxd8+ Kxd8 30. Rg1 Rxg1+ 31. Bxg1 Nd3 $15
{Black has an extra pawn.}) 27. Bc2 Nce5 28. Ne4 Nd3 $1 29. Bxd3 cxd3 30. Nf2
Rg2 31. Nxd3 Rxd2 32. Bxd2 Nf6 33. Bc1 $1 Rd8 34. Ne5 Rd5 35. Nc6 Rh5 36. Re1 (
36. Nxe7 Kxe7 37. h4 Ne4 {with attack.}) 36... Kf7 {#} 37. Bf4 $6 {Inaccuracy.
Peter would have reached some advantage with good play. After} (37. Ne5+ Ke8
38. Ng6 Kd7 39. Nf4 Rxh2 40. Rxe6 $14 {White is better, though the a6 pawn is
weak, and Black can keep the draw.}) 37... Nd5 38. Bg3 Bf6 39. a3 Rf5 40. Ne5+
Bxe5 41. Bxe5 a5 42. Bg3 a4 43. Kc2 {#} 1/2-1/2

[Event "Zuerich Champions sim"]
[Site "Zuerich"]
[Date "2009.08.23"]
[Round "1"]
[White "Anand, Viswanathan"]
[Black "Georgiadis, Nico"]
[Result "1-0"]
[WhiteElo "2788"]
[BlackElo "2085"]
[PlyCount "51"]
[EventDate "2009.08.23"]
[EventType "simul"]
[EventRounds "1"]
[EventCountry "SUI"]
[SourceTitle "CBM 131 Extra"]
[Source "ChessBase"]
[SourceDate "2009.09.03"]
[SourceVersion "2"]
[SourceVersionDate "2009.09.16"]
[SourceQuality "1"]

1. Nf3 c5 2. c4 Nc6 3. g3 g6 4. Bg2 Bg7 5. O-O a6 6. Nc3 d6 7. e3 Rb8 8. d4 b5
9. cxb5 axb5 10. a4 b4 11. Nb5 Bd7 12. dxc5 dxc5 13. Nd2 Nf6 14. Qc2 Qb6 15.
Nb3 Na5 16. Nxc5 Bxb5 17. axb5 O-O 18. Na6 Rbc8 19. Qa4 Nc4 20. Nxb4 Nd6 21.
Nc6 Rfe8 22. Bd2 Nxb5 23. Ba5 Qc5 24. Bb4 Qb6 25. Nxe7+ Rxe7 26. Bxe7 1-0

[Event "Moscow Tal Memorial 4th"]
[Site "Moscow"]
[Date "2009.11.07"]
[Round "3"]
[White "Anand, Viswanathan"]
[Black "Svidler, Peter"]
[Result "1-0"]
[WhiteElo "2788"]
[BlackElo "2754"]
[Annotator "Krasenkow,M"]
[PlyCount "63"]
[EventDate "2009.11.05"]
[EventType "tourn"]
[EventRounds "9"]
[EventCountry "RUS"]
[EventCategory "21"]
[SourceTitle "CBM 133"]
[Source "ChessBase"]
[SourceDate "2009.11.19"]
[SourceVersion "1"]
[SourceVersionDate "2009.11.19"]
[SourceQuality "1"]

1. d4 Nf6 2. c4 g6 3. Nc3 d5 4. cxd5 Nxd5 5. Bd2 Bg7 6. e4 Nb6 7. Be3 O-O 8. h3
e5 9. Nf3 exd4 10. Bxd4 Bxd4 11. Qxd4 {For this line - see CBM 109,
annotations to I.Sokolov - Eljanov.} Qe7 (11... Nc6 12. Qe3 Be6 (12... Qe7 {
- game}) 13. Bb5 (13. Be2 Nc4 14. Bxc4 Bxc4 15. Qc5 Ba6 16. Nd5 Qd6 17. Qc3 f5
18. Nh2 Rae8 19. O-O-O Rxe4 $17 {1/2 Anastasian,A (2565)-Rade,M (2436)/
Kallithea 2008/CBM 127 (71)}) (13. Rd1 Qe7 14. Bd3 Nc4 15. Qc1 Qb4 16. b3 N4e5
17. Nxe5 Nxe5 18. O-O Rad8 $36 {1/2 Sokolov,I (2691)-Eljanov,P (2639)/
Gothenburg 2005/CBM 109/[Krasenkow] (30)}) 13... Nb4 14. O-O c6 (14... Qe7 15.
Rfc1 c6 16. Bf1 Nc4 17. Bxc4 Bxc4 18. b3 Be6 19. a3 Na6 20. e5 Nc7 21. Ne4 Nd5
22. Qc5 Qxc5 23. Nxc5 Bc8 24. Ne4 f6 25. exf6 Nxf6 26. Nd6 Rd8 27. Rd1 Nd5 28.
Nxc8 Raxc8 29. Re1 Re8 30. Rxe8+ Rxe8 {1/2 Scibior,A (2179)-Schmidt,W (2399)/
Poznan 2009/CBM 131 Extra}) 15. Be2 Nc2 16. Qh6 Nxa1 17. Ng5 Re8 18. e5 Qc7 19.
Qxh7+ Kf8 20. Qh8+ Ke7 21. Qf6+ Kf8 22. Qh8+ Ke7 23. Qf6+ Kf8 24. Bg4 Bxg4 25.
hxg4 Kg8 26. Rxa1 Qe7 27. Nce4 Nd7 28. Qf4 Nxe5 29. Nf6+ Kg7 30. Nxe8+ Rxe8 31.
Rd1 a6 32. Nf3 Nxf3+ 33. Qxf3 Qe2 {1/2 Braun,A (2540)-Hoolt,S (2187)/Hengelo
2007/CBM 119 ext}) (11... Qxd4 12. Nxd4 {1/2 Bronznik,V (2410)-Sulypa,A (2488)/
Elancourt 2004/EXT 2005}) 12. Qe3 (12. Be2 Nc6 13. Qe3 Be6 14. O-O Rad8 {
1/2 Broomfield,M (2362)-Lalic,B (2509)/Coulsdon 2007/CBM 120 ext}) (12. O-O-O
$5) 12... Nc6 (12... f5 $5 13. Be2 fxe4 14. Nxe4 Bf5 15. Nc5 Qxe3 16. fxe3 N8d7
$1 17. Nxb7 Rae8 18. O-O (18. Kf2 $5 Nd5 19. Bc4 $14 {I.Sokolov}) 18... Rxe3
19. Rae1 Be4 20. Na5 Bd5 21. b3 Nc5 $11 {1/2 Sokolov,I (2691)-Sutovsky,E (2674)
/Gothenburg 2005/CBM 109 (56)}) 13. Bb5 Nb4 (13... f5 $6 14. Bxc6 bxc6 15. exf5
(15. O-O $142 $14 {Gleizerov}) 15... Qxe3+ 16. fxe3 Bxf5 17. O-O Rae8 18. Rae1
Bd3 $1 19. Rf2 Nd5 $1 $11 {1-0 Gleizerov,E (2552)-Iordachescu,V (2567)/Khanty
Mansiysk 2007/CBM 121 Extra (53)}) 14. Rc1 Be6 (14... f5 $6 15. a3 a6 16. Be2
f4 (16... Nc6 17. Nd5 Qxe4 18. Nxc7 Qxe3 19. fxe3 Ra7 20. Nxa6 $1 $16) 17. Qd2
Nc6 18. Nd5 Nxd5 19. exd5 Ne5 20. O-O $14) 15. b3 a6 16. Be2 Nc6 17. O-O f6 {
Black has almost equalized but White still retains some space advantage.} 18.
Rfe1 Rad8 19. Bf1 Bf7 20. Nh2 $5 {[%cal Yf2f4,Yh2g4][%mdl 32]} Be6 21. f4 Nd4
$2 {A central outpost is not always the best for the knight! It was much more
important for it to control the crucial e5-square.} (21... Rd7 $142 22. f5 $140
Bf7 23. Ng4 Ne5) 22. f5 Bf7 23. Ng4 gxf5 ({Perhaps} 23... Nc6 {(admitting his
mistake) was relatively better.}) 24. Nh6+ Kh8 25. Qf2 $1 fxe4 $2 {[%mdl 8192]
Loses on the spot.} (25... Bh5 26. Nd5 $1 $16) (25... f4 $142 $16 {Anand}) 26.
Rxe4 Qd6 27. Rd1 c5 28. Nxf7+ Rxf7 29. b4 $1 {The poor knight will now be
simply lost!} f5 30. bxc5 fxe4 31. Qxf7 Nf3+ 32. Qxf3 1-0

[Event "HUN-chT 0910"]
[Site "Hungary"]
[Date "2009.11.22"]
[Round "2"]
[White "Babula, Vlastimil"]
[Black "Anand, Viswanathan"]
[Result "0-1"]
[WhiteElo "2569"]
[BlackElo "2788"]
[PlyCount "78"]
[EventDate "2009.11.08"]
[EventType "team-tourn"]
[EventRounds "11"]
[EventCountry "HUN"]
[SourceTitle "EXT 2011"]
[Source "ChessBase"]
[SourceDate "2010.11.26"]
[SourceVersion "1"]
[SourceVersionDate "2010.11.26"]
[SourceQuality "1"]
[WhiteTeam "Haladas"]
[BlackTeam "Aquaprofit"]
[WhiteTeamCountry "HUN"]
[BlackTeamCountry "HUN"]

1. d4 Nf6 2. c4 g6 3. Nc3 d5 4. cxd5 Nxd5 5. e4 Nxc3 6. bxc3 Bg7 7. Be3 c5 8.
Rc1 O-O 9. Qd2 e5 10. dxe5 Qxd2+ 11. Kxd2 b6 12. Bc4 Bb7 13. f3 Bxe5 14. Ne2
Nc6 15. Bd5 Rad8 16. Kc2 Na5 17. Bxb7 Nxb7 18. Rcd1 Na5 19. Nf4 Nc4 20. Bc1 f5
21. exf5 gxf5 22. Nd5 Kf7 23. Kb3 Na5+ 24. Kc2 Nc4 25. Kb3 b5 26. Rhe1 Rfe8 27.
Bg5 Rd7 28. g4 Re6 29. f4 Bg7 30. Rxe6 Kxe6 31. gxf5+ Kf7 32. Ne3 Rxd1 33. Nxd1
Bf8 34. Kc2 h6 35. Bh4 Bd6 36. Kd3 Bxf4 37. a4 Ne5+ 38. Ke4 bxa4 39. Kxf4 Nc4
0-1

[Event "Corus"]
[Site "Wijk aan Zee"]
[Date "2010.01.17"]
[Round "2"]
[White "Anand, Viswanathan"]
[Black "Short, Nigel D"]
[Result "1/2-1/2"]
[WhiteElo "2790"]
[BlackElo "2696"]
[Annotator "Krasenkow,M"]
[PlyCount "113"]
[EventDate "2010.01.16"]
[EventType "tourn"]
[EventRounds "13"]
[EventCountry "NED"]
[EventCategory "19"]
[SourceTitle "CBM 135"]
[Source "ChessBase"]
[SourceDate "2010.03.17"]
[SourceVersion "1"]
[SourceVersionDate "2010.03.17"]
[SourceQuality "1"]

1. d4 Nf6 2. c4 e6 3. Nf3 d5 4. Nc3 Bb4 5. cxd5 exd5 6. Bg5 Nbd7 7. Rc1 c6 8.
e3 Qa5 9. Bd3 {[%mdl 512] A double-edged pawn sacrifice but otherwise White
can't fight for an advantage.} (9. Qb3 {is harmless due to} Ne4 {, e.g.} 10.
Bd3 (10. Bf4 c5 11. a3 Bxc3+ 12. bxc3 c4 13. Qb4 Qxb4 14. axb4 a5 $1 15. bxa5
Rxa5 16. Ng5 Nxg5 17. Bxg5 Nb6 18. Rb1 Na4 19. Kd2 b5 $15 {0-1 Laznicka,V 
(2596)-Sargissian,G (2667)/Germany 2006/CBM 116 (32)}) 10... Nxg5 11. Nxg5 Nf6
12. O-O O-O 13. h3 Re8 14. Rfe1 h6 15. Nf3 Qb6 16. Na4 Qa5 17. Nc3 Qb6 18. Qc2
Bd6 19. a3 Qd8 20. Nd2 Bd7 21. Na4 b6 22. Nc3 Rc8 23. Nf3 Qe7 24. Bf5 Bxf5 25.
Qxf5 g6 26. Qd3 Ne4 $11 {1-0 Wang Yue (2736)-Eljanov,P (2720)/Elista 2008/CBM
128 (75)}) 9... Qxa2 (9... Ne4 {gives White an extra tempo compared to the 9.
Qb3 line:} 10. O-O Nxg5 11. Nxg5 Nf6 12. Qc2 h6 13. Nf3 Bd6 14. h3 O-O 15. Ne5
$14 c5 $6 16. Nb5 Bxe5 17. dxe5 Nd7 18. f4 c4 19. Bh7+ Kh8 20. Nd6 $16 {
1-0 Gelfand,B (2758)-Jakovenko,D (2736)/Khanty Mansiysk 2009/CBM 134 (30)}) 10.
O-O Qa5 11. Ne5 Nxe5 (11... O-O 12. f4 $5 (12. Qf3 Nxe5 13. dxe5 Ng4 14. Qg3
Nxe5 15. Qxe5 f6 16. Bxf6 $1 Rxf6 17. Qe8+ Rf8 18. Qh5 h6 19. Qg6 Rf6 20. Qe8+
Rf8 21. Qg6 Rf6 22. Qe8+ {1/2 Navara,D (2719)-Aronian,L (2744)/Wijk aan Zee
2007/CBM 117}) 12... Bxc3 13. bxc3 Ne4 14. Be7 Re8 15. Bb4 Qd8 16. c4 Nxe5 17.
fxe5 Be6 18. cxd5 cxd5 19. Bxe4 dxe4 20. Bd6 $44 {0-1 Riazantsev,A (2661)
-Alekseev,E (2715)/Moscow 2009/CBM 134 (46)}) 12. dxe5 Ng4 (12... Nd7 $5 13. e6
$5 (13. Bf4 Nc5) (13. f4 Nc5) 13... Ne5 $1 {and Black is apparently OK.}) 13.
Bf4 f6 $1 14. e4 $6 {Sacrificing a second pawn without sufficient compensation.
} (14. exf6 $5 Nxf6 15. Qb3 {[%cal Ye3e4]} Be7 $5 16. Ra1 (16. e4 d4) 16... Qb4
17. Qc2 O-O 18. Ra4 Qb6 19. Be5 $44) 14... fxe5 15. Bg3 Bxc3 $1 (15... d4 $6
16. Nd5 $1 Bd6 $1 (16... cxd5 17. Rxc8+ Rxc8 18. Qxg4 O-O 19. Bxe5 Rc7 20. exd5
$16) (16... O-O 17. Nxb4 Qxb4 18. h3 Nf6 19. Bc4+ $1 Kh8 20. Bxe5 $16) 17. h3
$6 (17. Bh4 $1 {[%cal Rc1a1]} cxd5 18. Rxc8+ Rxc8 19. Qxg4 O-O 20. Qe6+ Kh8 21.
Qxd6 Qd2 22. Be7 $1 Rg8 23. Qa3 Rc1 24. g3 $16) 17... O-O 18. hxg4 cxd5 19.
exd5 Kh8 20. Be4 Bd7 $17 {1-0 Chatalbashev,B (2499)-Brancaleoni,M (2314)/
Genova 2005/CBM 107 ext (35)}) 16. Rxc3 d4 17. Ra3 Qc5 18. Qd2 O-O 19. h3 Nh6
$6 {A wrong route for the knight makes it passive.} (19... Nf6 $17 20. Ra5 $140
b5 21. Rc1 Qd6 22. Qc2 Bb7 {[%cal Yf6d7]}) 20. Ra5 b5 21. Rc1 Qd6 22. Qc2 Rf6
23. Qc5 Nf7 24. Qxd6 Rxd6 25. Rc5 {[%csl Ga5,Ra8,Gc5,Rc6,Re5,Rf7,Gg3] Suddenly
it is not easy for Black to make progress!} Be6 (25... Re6 26. Bc2 Kf8 27. b4
$44 {[%csl Ra8,Rc8]}) 26. Kf1 (26. f4 $5 $44 {but White needn't hurry.}) 26...
h6 27. Ke2 a6 28. b4 Bb3 (28... g5 $5) 29. Bxe5 Nxe5 30. Rxe5 {White has
recaptured one of the pawns and has sufficient compensation for the second,
due to his better pawn structure and active pieces.} Rg6 31. g3 Rg5 32. Re7 c5
33. bxc5 (33. h4 $5 Rh5 34. bxc5 Rxc5 35. Rd7 Bc4 36. Rxd4 Bxd3+ 37. Kxd3 $14 {
[%csl Ge4,Gf2]}) 33... Rxc5 34. Rd7 Be6 35. Rd6 Bxh3 36. Raxa6 Rf8 $6 {Black
starts playing with fire and barely saves the game.} (36... Rxa6 37. Rxa6 Kf7
38. Rd6 Be6 39. Rxd4 h5 $14) 37. f4 Rc1 38. Rxd4 (38. Kf2 $1 $16) 38... Bf1+
39. Kd2 Rfc8 40. Bxf1 Rxf1 {[%mdl 4096]} 41. Rd7 Rcc1 $6 (41... Rf2+ $1 42. Ke3
Rfc2 (42... Rcc2 43. Rb7) 43. f5 R8c3+ 44. Kf4 (44. Rd3 b4) 44... Rf2+ 45. Ke5
Rc5+ 46. Kd6 Rc8 $14) 42. Rb7 Rcd1+ 43. Ke3 Rfe1+ 44. Kf3 h5 45. f5 $6 {
Passed pawns must go forward!} (45. e5 $1 Rd3+ 46. Kf2 Red1 47. Ra2 $16 {
[%csl Ge5]}) 45... Rd3+ 46. Kf4 Rf1+ 47. Ke5 Rxg3 {[%csl Gh5]} 48. Rxb5 Kh7 49.
Rb8 Rg4 50. Raa8 Kh6 51. Rh8+ Kg5 52. Rh7 Kh4 53. Rah8 Rg5 54. Rg8 Rfg1 55. Ra8
Re1 56. Rg8 Rg4 57. Rgxg7 1/2-1/2